[Event "Buenos Aires San Martin Memorial"]
[Site "Buenos Aires"]
[Date "2020.03.10"]
[Round "5"]
[White "Villanueva, Guillermo"]
[Black "Guerrero Campo, Carlos Alberto"]
[Result "1/2-1/2"]
[WhiteElo "2064"]
[BlackElo "1919"]
[PlyCount "99"]
[EventDate "2020.03.06"]
[EventType "tourn"]
[EventRounds "9"]
[EventCountry "ARG"]
[SourceTitle "CBM 195 Extra"]
[Source "ChessBase"]
[SourceDate "2020.05.31"]
[SourceVersion "1"]
[SourceVersionDate "2020.05.31"]
[SourceQuality "1"]

1. e4 c5 2. Nf3 g6 3. d4 cxd4 4. Nxd4 Nc6 5. Nc3 Bg7 6. Be3 Nf6 7. Bc4 Qa5 8. Qd2 Qb4 9. Bb3 Nxe4 10. Nxe4 Qxd2+ 11. Kxd2 Bxd4 12. Bh6 d6 13. c3 Bb6 14. Rhe1 Be6 15. f3 Kd7 16. Bxe6+ fxe6 17. Re2 e5 18. Rae1 Rae8 19. Kc2 Bd8 20. Rd1 Kc8 21. Ree1 b5 22. Rh1 b4 23. h4 bxc3 24. bxc3 Bb6 25. h5 Kb8 26. Bg7 Rhg8 27. h6 Rc8 28. Kd3 Ba5 29. Rc1 Nd8 30. Ng5 Rc5 31. c4 Kc8 32. g3 Kd7 33. f4 Ne6 34. Ne4 Rcc8 35. fxe5 Nxg7 36. hxg7 Rxg7 37. exd6 exd6 38. Rh6 Rf8 39. Rch1 Rff7 40. Ng5 Re7 41. Rxh7 Rxh7 42. Nxh7 Kc6 43. Ng5 Bb6 44. Ne4 d5 45. cxd5+ Kxd5 46. Re1 Kc6 47. Rh1 Kd5 48. Re1 Kc6 49. Rc1+ Kd5 50. Re1 1/2-1/2

[Event "Buenos Aires San Martin Memorial"]
[Site "Buenos Aires"]
[Date "2020.03.07"]
[Round "3"]
[White "Villanueva, Guillermo"]
[Black "Schnaider, Ilan"]
[Result "1/2-1/2"]
[WhiteElo "2064"]
[BlackElo "1973"]
[PlyCount "82"]
[EventDate "2020.03.06"]
[EventType "tourn"]
[EventRounds "9"]
[EventCountry "ARG"]
[SourceTitle "CBM 195 Extra"]
[Source "ChessBase"]
[SourceDate "2020.05.31"]
[SourceVersion "1"]
[SourceVersionDate "2020.05.31"]
[SourceQuality "1"]

1. e4 c6 2. Nf3 d5 3. d3 dxe4 4. dxe4 Qxd1+ 5. Kxd1 Bg4 6. h3 Bh5 7. g4 Bg6 8. Bd3 Nd7 9. Be3 e6 10. Nbd2 Bc5 11. Ke2 0-0-0 12. Nb3 Bxe3 13. Kxe3 Ne7 14. Nh4 f6 15. f4 e5 16. f5 Bf7 17. Nf3 g5 18. Nfd2 Kc7 19. Rh2 h5 20. Rah1 h4 21. Bc4 Bxc4 22. Nxc4 b5 23. Na3 a6 24. Rd2 c5 25. Na5 Nb8 26. Rhd1 Rxd2 27. Rxd2 c4 28. Nb1 Nbc6 29. Nxc6 Kxc6 30. Nc3 Kc7 31. a4 b4 32. Nd5+ Nxd5+ 33. Rxd5 Kc6 34. b3 cxb3 35. cxb3 Rc8 36. Kd2 Kb7 37. Rd6 Rc6 38. Re6 a5 39. Re7+ Kb6 40. Rd7 Rc3 41. Rd6+ Rc6 1/2-1/2

[Event "ARG-ch sf 93rd"]
[Site "Buenos Aires"]
[Date "2018.05.19"]
[Round "1"]
[White "Villanueva, Mario Nicolas"]
[Black "Villanueva, Guillermo"]
[Result "1-0"]
[WhiteElo "2476"]
[BlackElo "2096"]
[PlyCount "63"]
[EventDate "2018.05.19"]
[EventType "swiss"]
[EventRounds "9"]
[EventCountry "ARG"]
[SourceTitle "CBM 184 Extra"]
[Source "ChessBase"]
[SourceDate "2018.06.28"]
[SourceVersion "1"]
[SourceVersionDate "2018.06.28"]
[SourceQuality "1"]

1. e4 c5 2. Nf3 d6 3. d4 cxd4 4. Nxd4 Nf6 5. Nc3 a6 6. Be2 e5 7. Nf3 Be7 8. Bg5 Be6 9. Bxf6 Bxf6 10. Nd5 Nd7 11. 0-0 0-0 12. Re1 Rc8 13. c3 Rc6 14. a4 Qb8 15. Qd2 h6 16. Bd1 Bd8 17. Bb3 Kh8 18. Ba2 Rc8 19. Red1 Nc5 20. Qc2 Bg4 21. b4 Ne6 22. Qd3 f5 23. Bb1 f4 24. h3 Bh5 25. Ba2 Re8 26. Rd2 Bg6 27. a5 Qa7 28. Bb3 Nf8 29. c4 Bf7 30. c5 dxc5 31. Nb6 Rc7 32. Qxd8 1-0

[Event "Buenos Aires U2200 1st"]
[Site "Buenos Aires"]
[Date "2015.02.15"]
[Round "4.3"]
[White "Gonzalez, Fabian"]
[Black "Villanueva, Guillermo"]
[Result "1-0"]
[WhiteElo "1910"]
[BlackElo "1975"]
[PlyCount "57"]
[EventDate "2015.02.14"]
[EventType "swiss"]
[EventRounds "7"]
[EventCountry "ARG"]
[SourceTitle "EXT 2024"]
[Source "ChessBase"]
[SourceDate "2023.10.10"]
[SourceVersion "1"]
[SourceVersionDate "2023.10.10"]
[SourceQuality "1"]

1. d4 Nf6 2. c4 g6 3. Nc3 d5 4. f3 Bg7 5. cxd5 Nxd5 6. e4 Nb6 7. Be3 Nc6 8. Bb5 Bd7 9. Bxc6 bxc6 10. Nge2 Nc4 11. Bc1 e5 12. d5 0-0 13. b3 Nd6 14. 0-0 cxd5 15. Nxd5 Re8 16. Be3 Nb5 17. a4 Nd6 18. Rc1 c6 19. Nb4 Be6 20. Nxc6 Qd7 21. Qd3 Rec8 22. Nb4 Nb7 23. Qxd7 Bxd7 24. Nd5 Rxc1 25. Rxc1 Be6 26. Nc7 Rc8 27. Nxe6 Rxc1+ 28. Nxc1 fxe6 29. Bxa7 1-0